000 04599nam a2200385 a 4500
001 000000372
003 DO-SdBPM
005 20260220122744.0
007 ta
008 081028s2007 dr ad 001 0 spa d
020 _a9789993427117
020 _a999342711X
040 _aDO-SdBPM
_bspa
_cBPMSU
_erda
082 0 4 _a972.93054
_bR696m 2007
_222
100 1 _aRodríguez Demorizi, Emilio,
_d1908-1986
_eautor
_4aut.
245 1 0 _aMás papeles de Ramfis Trujillo :
_bsucesos de 1962 /
_cEmilio Rodríguez Demorizi ; editor Bernardo Vega ; prólogo Clara Rodríguez Demorizi.
264 _aSanto Domingo :
_bFundación Rodríguez Demoriz ;
_bFundación Cultural Dominicana,
_c2007
300 _a159 páginas :
_bilustraciones, retratos. ;
_c23 cm.
336 _atexto
_btxt
_2rdacontent
337 _asin mediación
_bn
_2rdamedia
338 _avolumen
_bnc
_2rdacarrier
500 _aIncluye referencias bibliográficas y notas al pie de las páginas
500 _aIncluye índice onomástico
500 _aIncluye datos biográficos del autor y del editor en las solapas de la cubierta
505 2 _tPrólogo /
_rClara Rodríguez Demorizi --
_tIntroducción /
_rBernardo Vega --
_tUna demaciado breve misión diplomática --
_tCincuenta y tres días --
_tOpiniones de Luis Amiama, de Ramfis Trujillo y del Lic. Temístocles Messina sobre el papel de Emilio Rodríguez Demorizi en la liberación de varias personas apresadas con motivo de la muerte de Trujillo --
_tLa muerte de Trujillo según sus autores --
_tAntecedentes --
_tDeclaraciones de los héroes del 30 de mayo dadas el 18 de noviembre de 1961 comparadas con las ofrecidas bajo tortura a principios de junio de ese año --
_tModesto E. Díaz Quezada --
_tRoberto Pastoriza Neret --
_tPedro Livio Cedeño --
_tLuis Salvador Estrella Sadhalá --
_tHuáscar Tejeda --
_tLuis Manuel ( Tunti ) Cáceres Michel --
_tLas armas utilizadas en la muerte de Trujillo, por Bernardo Vega --
_tCertificado médico del Dr. Francisco González Cruz, E. N. --
_tDeclaraciones de Antonio Imbert a Francisco ( Pancho ) Aguirre, en abril de 1964 --
_tLas dos declaraciones del chofer de Trujillo-- Notas a manos de Rodríguez Demorizi --
_tCarta de Tomás Báez Díaz a Homero Hernández, de agosto de 1981 --
_tDeclaración de Horacio Frías, ex jefe de la Penitenciaría Nacional de La Victoria --
_tEntrevista hecha a Ramfis por el periodista cubano José Suárez Núñez, en enero de 1966, en la revista venezolana Elite -- La carta de Ramfis a José Suárez Núñez --
_tDos opiniones personales de Rodríguez Demorizi --
_tAmiama Tió involucra a Rafael Vidal en el complot --
_tOpinión de Ramfis Trujillo sobre los que mataron a su padre --
_tEl papel de José René ( Pupo ) Román Fernández en el complot --
_tNotas tomadas por Rodríguez Demorizi sobre una conversación con Ramfis en febrero de 1966 --
_tCarta pública de los hijos de Román Fernández--
_tReacción pública de Ramfis a la declaración de los hijos de Román Fernández --
_tRedacción pública de Ramfis a la declaración de los hijos de Román .
505 2 _tCarta de Octavio ("Tavito") Balcácel --
_tCarta de Fernando A. ("Tunti") Sánchez Otero a Ramfis, sobre "Pupo" Román --
_tOpinión de Horacio Frías, ex jefe del penal de La Victoria, sobre "Pupo" Román --
_tLas negociaciones políticas de Ramfis Trujillo con los norteamericanos, Junio-Noviembre de 1961 --
_tAntecedentes --
_tMemorándum de Ramfis crítico de Balaguer --
_tMemorándum de Charles MacLaughlin sobre su reunión con Robert Murphy, el 7 de agosto de 1961 --
_tLo negociado con McGhee y las exigencias de la OEA --
_tLas memorias de McGhee --
_tCarta de J. Arismendy ("Petán") Trujillo, de 1962 --
_tOtros asuntos --
_tLas 44 preguntas hechas por Rodríguez Demorizi a Ramfis --
_tSantiago Rey y el enterramiento de Trujillo en París --
_tOpinión de Ramfis Trujillo sobre Anselmo Paulino Álvarez --
_tOpinión de Ramfis Trujillo sobre Mayobanex Vargas --
_tOpinión del coronel Miguel Ángel Hernando Ramírez sobre Trujillo, José rené Román, Luis Amiama Tió y Antonio Imbert y reacción de Ramfis Trujillo a esos comentarios --
_tFuentes de los documentos --
_tBibliografía --
_tÍndice onomástico.
590 _aInventariado, 2026/VM
600 1 7 _aTrujillo Martínez, Rafael Leónidas
_c(Ramfis)
_d1929-1969
_vCorrespondencias, memorias, etc.
600 1 7 _aTrujillo Molina, Rafael Leónidas,
_d 1891-1961
650 z _x
651 7 _aRepública Dominicana
_xHistoria
_y1961-
_vFuentes
651 _aRepública Dominicana
_xPolítica y gobierno
910 _aVMateo V. Control de calidad BPMSU
942 _2ddc
_cBK
999 _c12642
_d12642